Stratégia chovu hovädzieho dobytka v trhovej ekonomike.

Rozhodujúci význam pre stratégiu chovu hovädzieho dobytka (HD) má skúmanie závislosti parametrov úžitkovosti a výrobných nákladov. Chov HD v sústave hospodárenia na pôde. Reprodukčné problémy chovu HD a ich vplyv na náročnosť zdrojov a ekonomiku výroby mlieka a mäsa.

Na minha lista:
Detalhes bibliográficos
Autor principal: Murgaš, J.
Formato: Capítulo de Livro
Idioma:eslovaco
Assuntos:
Tags: Adicionar Tag
Sem tags, seja o primeiro a adicionar uma tag!

MARC

LEADER 00000naa a2200000 4500
001 r012129
005 20220831094626.6
041 0 |a slo 
044 |a SK 
245 1 0 |a Stratégia chovu hovädzieho dobytka v trhovej ekonomike.  |c J. Murgaš 
520 |a Rozhodujúci význam pre stratégiu chovu hovädzieho dobytka (HD) má skúmanie závislosti parametrov úžitkovosti a výrobných nákladov. Chov HD v sústave hospodárenia na pôde. Reprodukčné problémy chovu HD a ich vplyv na náročnosť zdrojov a ekonomiku výroby mlieka a mäsa. 
610 2 0 |a výroba živočíšna 
610 2 0 |a dobytkárstvo 
610 2 0 |a náklady výrobné 
610 2 0 |a efektívnosť výroby 
100 1 |a Murgaš, J.